[Event "Titled Tuesday intern op 22nd Aug Late"]
[Site "Chess.com INT"]
[Date "2023.08.22"]
[Round "3"]
[White "Harish, Neeraj"]
[Black "Aqib, Javaid Butt"]
[Result "1-0"]
[WhiteElo "2040"]
[BlackElo "1759"]
[PlyCount "61"]
[EventDate "2023.08.22"]
[EventType "swiss (blitz)"]
[EventRounds "11"]
[EventCountry "USA"]
[SourceTitle "EXT 2024"]
[Source "ChessBase"]
[SourceDate "2023.10.10"]
[SourceVersion "1"]
[SourceVersionDate "2023.10.10"]
[SourceQuality "1"]

1. e4 c6 2. d4 d5 3. e5 Bf5 4. h4 h5 5. Bd3 Bxd3 6. Qxd3 e6 7. Bg5 Qb6 8. Nd2 c5 9. c4 cxd4 10. cxd5 exd5 11. Ngf3 Bc5 12. 0-0 Ne7 13. Nb3 Na6 14. Nxc5 Nxc5 15. Qxd4 Ne6 16. Qxb6 axb6 17. Be3 b5 18. Rfd1 0-0 19. a3 Rfc8 20. Rac1 Rc4 21. Nd2 Rxh4 22. g3 Rg4 23. Nb3 h4 24. Kh2 Nf5 25. Rxd5 hxg3+ 26. Kh3 Rh4+ 27. Kg2 Rh2+ 28. Kf3 Nxe3 29. fxe3 g2 30. Kf2 Ng5 31. Kg3 1-0

[Event "Titled Tuesday intern op 27th Jun Late"]
[Site "Chess.com INT"]
[Date "2023.06.27"]
[Round "8"]
[White "Aqib, Javaid Butt"]
[Black "Cardenas Carbajal, Nilson"]
[Result "1/2-1/2"]
[WhiteElo "1759"]
[BlackElo "2126"]
[PlyCount "121"]
[EventDate "2023.06.27"]
[EventType "swiss (blitz)"]
[EventRounds "11"]
[EventCountry "USA"]
[SourceTitle "EXT 2024"]
[Source "ChessBase"]
[SourceDate "2023.10.10"]
[SourceVersion "1"]
[SourceVersionDate "2023.10.10"]
[SourceQuality "1"]

1. d4 Nf6 2. Nf3 d5 3. g3 g6 4. Bg2 Bg7 5. 0-0 0-0 6. c3 c6 7. Bf4 Bf5 8. Qc1 Nbd7 9. Bh6 Qb6 10. Bxg7 Kxg7 11. Nbd2 Rfe8 12. Nh4 Be4 13. Nxe4 Nxe4 14. Nf3 e5 15. Nxe5 Nxe5 16. dxe5 Rxe5 17. Bxe4 Rxe4 18. e3 Rae8 19. Rd1 f5 20. Rd4 a5 21. Qd2 Qb5 22. Rd1 Rxd4 23. Qxd4+ Kf7 24. b3 h5 25. c4 dxc4 26. bxc4 Qe5 27. Qb6 Re7 28. Qd8 h4 29. gxh4 Qe4 30. Rd7 Qxh4 31. Rxe7+ Qxe7 32. Qh8 Qg5+ 33. Kf1 Qh5 34. Qb8 Qd1+ 35. Kg2 Qg4+ 36. Kf1 Qxc4+ 37. Kg2 b5 38. Qc7+ Kf6 39. Qxa5 Qg4+ 40. Kf1 Qh3+ 41. Kg1 Qg4+ 42. Kf1 Qd1+ 43. Kg2 Qd5+ 44. Kg1 g5 45. Qc3+ Kg6 46. Qh8 Qd1+ 47. Kg2 Qg4+ 48. Kf1 Qc4+ 49. Kg2 Qd5+ 50. Kg1 b4 51. Qe8+ Kg7 52. Qe7+ Kg6 53. Qe8+ Kg7 54. Qe7+ Kg6 55. Qxb4 g4 56. a4 Qd1+ 57. Kg2 Qf3+ 58. Kf1 Qd1+ 59. Kg2 Qf3+ 60. Kg1 Qd1+ 61. Kg2 1/2-1/2

[Event "Titled Tuesday intern op 25th Apr Late"]
[Site "Chess.com INT"]
[Date "2023.04.25"]
[Round "3"]
[White "Van Foreest, Machteld"]
[Black "Aqib, Javaid Butt"]
[Result "1-0"]
[WhiteElo "2317"]
[BlackElo "1759"]
[PlyCount "101"]
[EventDate "2023.04.25"]
[EventType "swiss (blitz)"]
[EventRounds "11"]
[EventCountry "USA"]
[SourceTitle "EXT 2024"]
[Source "ChessBase"]
[SourceDate "2023.10.10"]
[SourceVersion "1"]
[SourceVersionDate "2023.10.10"]
[SourceQuality "1"]

1. e4 c6 2. d4 d5 3. e5 Bf5 4. h4 h5 5. Bd3 Bxd3 6. Qxd3 e6 7. Bg5 Be7 8. Nf3 Nh6 9. c4 Nf5 10. Nc3 Nd7 11. cxd5 cxd5 12. Nxd5 Nxe5 13. Qb5+ Kf8 14. dxe5 Qxd5 15. Qxd5 exd5 16. 0-0-0 Bxg5+ 17. hxg5 Rd8 18. Nd4 Nxd4 19. Rxd4 Ke7 20. Kd2 Ke6 21. f4 Kf5 22. Ke3 h4 23. Rc1 h3 24. gxh3 Rxh3+ 25. Kf2 Rdh8 26. Rxd5 Ke4 27. Rcd1 Rh2+ 28. Kg1 Rh1+ 29. Kg2 R8h2+ 30. Kg3 Rh3+ 31. Kg4 Rh4+ 32. Kg3 R1h3+ 33. Kg2 Kxf4 34. R1d4+ Kxg5 35. e6+ Kf6 36. exf7 Kxf7 37. Rxh4 Rxh4 38. Rd7+ Kf6 39. Rxb7 Ra4 40. a3 g5 41. Kf3 a5 42. Rb6+ Kf5 43. Rb5+ Kg6 44. Kg3 Kh5 45. Kh3 Rh4+ 46. Kg3 a4 47. Rb4 Rxb4 48. axb4 Kg6 49. b5 Kf6 50. b6 Ke7 51. b7 1-0

[Event "Titled Tuesday intern op 18th Apr Late"]
[Site "Chess.com INT"]
[Date "2023.04.18"]
[Round "2"]
[White "Aqib, Javaid Butt"]
[Black "Yeritsyan, Hayk"]
[Result "0-1"]
[WhiteElo "1759"]
[BlackElo "2241"]
[PlyCount "84"]
[EventDate "2023.04.18"]
[EventType "swiss (blitz)"]
[EventRounds "11"]
[EventCountry "USA"]
[SourceTitle "EXT 2024"]
[Source "ChessBase"]
[SourceDate "2023.10.10"]
[SourceVersion "1"]
[SourceVersionDate "2023.10.10"]
[SourceQuality "1"]

1. Nf3 d5 2. d4 Nf6 3. c4 c6 4. Qc2 g6 5. e3 Bf5 6. Bd3 Bxd3 7. Qxd3 Bg7 8. Nc3 0-0 9. 0-0 e6 10. b3 Nbd7 11. Bb2 Re8 12. e4 dxc4 13. bxc4 e5 14. d5 Nc5 15. Qe2 cxd5 16. cxd5 Nfd7 17. Rac1 a6 18. d6 Qb6 19. Nd5 Qxd6 20. Rfd1 Rac8 21. Ng5 h6 22. Nf3 Kh7 23. Rc2 Rc6 24. Rcd2 Qe6 25. Nb4 Rc7 26. Rd6 Qe7 27. R1d2 Rec8 28. h4 Ne6 29. Nd5 Qxd6 30. Nf6+ Nxf6 31. Rxd6 Ng4 32. g3 Rc2 33. Rd2 R2c5 34. Qd1 h5 35. Kg2 R8c7 36. Rd5 Rc2 37. Bxe5 Rxf2+ 38. Kh3 Rxf3 39. Qxf3 Nxe5 40. Rxe5 Bxe5 41. g4 Rc3 42. Kg2 Kg7 0-1

[Event "Titled Tuesday intern op 06th Dec Late"]
[Site "Chess.com INT"]
[Date "2022.12.06"]
[Round "1"]
[White "Aqib, Javaid Butt"]
[Black "Perske, Thore"]
[Result "0-1"]
[WhiteElo "1759"]
[BlackElo "2434"]
[PlyCount "124"]
[EventDate "2022.12.06"]
[EventType "swiss (blitz)"]
[EventRounds "11"]
[EventCountry "USA"]
[SourceTitle "CBM 211 Extra"]
[Source "ChessBase"]
[SourceDate "2023.01.31"]
[SourceVersion "1"]
[SourceVersionDate "2023.01.31"]
[SourceQuality "1"]

1. d4 Nf6 2. Nf3 g6 3. c4 Bg7 4. Nc3 0-0 5. g3 d6 6. Bg2 c6 7. 0-0 Qb6 8. b3 e5 9. dxe5 dxe5 10. Be3 Qa5 11. Bd2 Qc7 12. Qc2 Bf5 13. e4 Bg4 14. h3 Bxf3 15. Bxf3 Nbd7 16. Be3 Rfe8 17. Kg2 Nf8 18. Rad1 Ne6 19. h4 h5 20. Ne2 a5 21. a3 Bf8 22. c5 Nd7 23. b4 axb4 24. axb4 Nf6 25. Ra1 Bg7 26. Qb2 Red8 27. Rxa8 Rxa8 28. Ra1 Rxa1 29. Qxa1 Nd7 30. Qa8+ Qb8 31. Qa5 Nd4 32. Nxd4 exd4 33. Bf4 Be5 34. Bxe5 Nxe5 35. b5 cxb5 36. Qxb5 Qc7 37. Be2 Kg7 38. f4 Nc6 39. Qc4 Qa5 40. Bf3 Qd2+ 41. Kh3 Qc3 42. Qxc3 dxc3 43. Bd1 Nd4 44. Kg2 c2 45. Bxc2 Nxc2 46. Kf3 Kf6 47. Ke2 Nd4+ 48. Kd3 Nc6 49. Kc4 Ke6 50. Kb5 Kd7 51. Kb6 Kc8 52. e5 Nd4 53. c6 bxc6 54. Kc5 Nf5 55. Kxc6 Kd8 56. Kd5 Ke7 57. Ke4 Nxg3+ 58. Kf3 Nf5 59. Ke4 Ke6 60. Kf3 Nxh4+ 61. Kg3 Nf5+ 62. Kf3 Kd5 0-1

[Event "Titled Tuesday intern op 29th Nov Early"]
[Site "Chess.com INT"]
[Date "2022.11.29"]
[Round "9"]
[White "Aqib, Javaid Butt"]
[Black "Ciuffoletti, Paolo"]
[Result "0-1"]
[WhiteElo "1759"]
[BlackElo "2106"]
[PlyCount "49"]
[EventDate "2022.11.29"]
[EventType "swiss (blitz)"]
[EventRounds "11"]
[EventCountry "USA"]
[SourceTitle "EXT 2024"]
[Source "ChessBase"]
[SourceDate "2023.10.10"]
[SourceVersion "1"]
[SourceVersionDate "2023.10.10"]
[SourceQuality "1"]

1. d4 d5 2. Nf3 Nf6 3. c4 c6 4. Nc3 dxc4 5. e3 b5 6. a4 b4 7. Nb1 e6 8. Bxc4 a5 9. 0-0 Be7 10. Qe2 Nbd7 11. e4 Bb7 12. Nbd2 c5 13. e5 Nd5 14. Nb3 cxd4 15. Nbxd4 0-0 16. Rd1 Qb6 17. Be3 Nc5 18. Nb5 Nxe3 19. Qxe3 Rfd8 20. Ng5 Qc6 21. f3 h6 22. Nh3 Nxa4 23. b3 Nc3 24. Nxc3 Bc5 25. Bd5 0-1

[Event "Titled Tuesday intern op 29th Nov Early"]
[Site "Chess.com INT"]
[Date "2022.11.29"]
[Round "10"]
[White "Aqib, Javaid Butt"]
[Black "Nugumanov, Bakhtiyar"]
[Result "0-1"]
[WhiteElo "1759"]
[BlackElo "2354"]
[PlyCount "51"]
[EventDate "2022.11.29"]
[EventType "swiss (blitz)"]
[EventRounds "11"]
[EventCountry "USA"]
[SourceTitle "EXT 2024"]
[Source "ChessBase"]
[SourceDate "2023.10.10"]
[SourceVersion "1"]
[SourceVersionDate "2023.10.10"]
[SourceQuality "1"]

1. d4 d6 2. Nf3 g6 3. e4 Bg7 4. Bd3 Nc6 5. c3 e5 6. d5 Nce7 7. Nbd2 h6 8. Ng1 f5 9. Ne2 Nf6 10. f3 0-0 11. Nf1 f4 12. Bd2 g5 13. Qc2 c6 14. dxc6 bxc6 15. 0-0-0 d5 16. g3 Rb8 17. gxf4 exf4 18. exd5 Nexd5 19. Nd4 Qb6 20. h4 c5 21. Nf5 c4 22. Be4 Nxe4 23. fxe4 Bxf5 24. exf5 Rxf5 25. b4 cxb3 26. axb3 0-1

[Event "Titled Tuesday intern op 29th Nov Early"]
[Site "Chess.com INT"]
[Date "2022.11.29"]
[Round "4"]
[White "Aqib, Javaid Butt"]
[Black "Rose, Felix"]
[Result "1-0"]
[WhiteElo "1759"]
[BlackElo "2091"]
[PlyCount "55"]
[EventDate "2022.11.29"]
[EventType "swiss (blitz)"]
[EventRounds "11"]
[EventCountry "USA"]
[SourceTitle "EXT 2024"]
[Source "ChessBase"]
[SourceDate "2023.10.10"]
[SourceVersion "1"]
[SourceVersionDate "2023.10.10"]
[SourceQuality "1"]

1. d4 Nf6 2. Nf3 e6 3. Bg5 c5 4. Nbd2 b6 5. g3 Bb7 6. Bg2 h6 7. Bxf6 Qxf6 8. Nb3 cxd4 9. Qxd4 Be7 10. 0-0 Nc6 11. Qxf6 Bxf6 12. c3 Ba6 13. Rfe1 d5 14. Nfd4 Nxd4 15. Nxd4 Rc8 16. e4 dxe4 17. Bxe4 0-0 18. Nc6 Rc7 19. Nb4 Bb5 20. Rad1 a5 21. Nd3 Ba4 22. b3 Bb5 23. c4 Ba6 24. Nf4 a4 25. Rd6 Rb8 26. Red1 axb3 27. axb3 Bc8 28. Rd8+ 1-0

[Event "Titled Tuesday intern op 29th Nov Early"]
[Site "Chess.com INT"]
[Date "2022.11.29"]
[Round "3"]
[White "Figorito, Nick"]
[Black "Aqib, Javaid Butt"]
[Result "1-0"]
[WhiteElo "2036"]
[BlackElo "1759"]
[PlyCount "61"]
[EventDate "2022.11.29"]
[EventType "swiss (blitz)"]
[EventRounds "11"]
[EventCountry "USA"]
[SourceTitle "EXT 2024"]
[Source "ChessBase"]
[SourceDate "2023.10.10"]
[SourceVersion "1"]
[SourceVersionDate "2023.10.10"]
[SourceQuality "1"]

1. Nf3 d5 2. g3 c6 3. Bg2 Nf6 4. 0-0 g6 5. d4 Bg7 6. Nbd2 0-0 7. b3 Bf5 8. Bb2 Ne4 9. Ne5 Nd7 10. Nxd7 Qxd7 11. Nxe4 Bxe4 12. Bxe4 dxe4 13. e3 c5 14. c3 cxd4 15. cxd4 a5 16. Qc2 Qg4 17. Qd1 Qh3 18. Qc2 Qg4 19. Qd1 Qh3 20. Rc1 a4 21. bxa4 Ra5 22. f4 exf3 23. Qxf3 Rh5 24. Rf2 Bh6 25. Rc7 Qe6 26. Bc1 Rc8 27. Rxc8+ Qxc8 28. Qxf7+ Kh8 29. Bb2 Bxe3 30. d5+ e5 31. dxe6+ 1-0

[Event "Titled Tuesday intern op 29th Nov Early"]
[Site "Chess.com INT"]
[Date "2022.11.29"]
[Round "8"]
[White "Manon Og, Ramon Jr"]
[Black "Aqib, Javaid Butt"]
[Result "1-0"]
[WhiteElo "2000"]
[BlackElo "1759"]
[PlyCount "91"]
[EventDate "2022.11.29"]
[EventType "swiss (blitz)"]
[EventRounds "11"]
[EventCountry "USA"]
[SourceTitle "EXT 2024"]
[Source "ChessBase"]
[SourceDate "2023.10.10"]
[SourceVersion "1"]
[SourceVersionDate "2023.10.10"]
[SourceQuality "1"]

1. e4 c6 2. d4 d5 3. e5 Bf5 4. Nd2 e6 5. Nb3 Nd7 6. Nf3 c5 7. dxc5 Nxc5 8. Nxc5 Bxc5 9. Bb5+ Kf8 10. 0-0 Ne7 11. c3 a6 12. Be2 Bg6 13. Bg5 Qc7 14. Rc1 Nc6 15. Bf4 Be4 16. c4 dxc4 17. Rxc4 Rd8 18. Qc1 Bxf3 19. Bxf3 Bd4 20. Bxc6 bxc6 21. Rxc6 Qb8 22. Rd1 h6 23. Rd3 g5 24. Rxd4 Rxd4 25. Rc8+ Qxc8 26. Qxc8+ Kg7 27. Qc1 Rhd8 28. Kf1 Rd1+ 29. Ke2 Rxc1 30. Bxc1 Rd5 31. f4 Rc5 32. Kd1 gxf4 33. Bxf4 Kg6 34. Kd2 Kf5 35. Bxh6 Rxe5 36. h3 Ke4 37. Be3 Rd5+ 38. Ke2 a5 39. h4 f5 40. g3 Rd3 41. Bf4 Rd4 42. h5 Rc4 43. Kd2 Rc7 44. Bxc7 e5 45. h6 f4 46. gxf4 1-0

[Event "Titled Tuesday intern op 29th Nov Early"]
[Site "Chess.com INT"]
[Date "2022.11.29"]
[Round "1"]
[White "Tologontegin, Semetey"]
[Black "Aqib, Javaid Butt"]
[Result "1-0"]
[WhiteElo "2382"]
[BlackElo "1759"]
[PlyCount "59"]
[EventDate "2022.11.29"]
[EventType "swiss (blitz)"]
[EventRounds "11"]
[EventCountry "USA"]
[SourceTitle "EXT 2024"]
[Source "ChessBase"]
[SourceDate "2023.10.10"]
[SourceVersion "1"]
[SourceVersionDate "2023.10.10"]
[SourceQuality "1"]

1. e4 c6 2. d4 d5 3. e5 Bf5 4. c4 e6 5. Nc3 Nd7 6. h3 h5 7. Nf3 dxc4 8. Bxc4 Ne7 9. 0-0 Nd5 10. Bd3 Bxd3 11. Qxd3 Qb6 12. Ne4 c5 13. dxc5 Nxc5 14. Nxc5 Bxc5 15. a3 Rd8 16. Qe4 Ne7 17. b4 Bd4 18. Ra2 Qc6 19. Qe2 g6 20. Rc2 Qa4 21. Bg5 Bb6 22. Bf6 Rg8 23. Ng5 Rd7 24. Ne4 Nd5 25. Rc8+ Bd8 26. Bxd8 Rxd8 27. Nd6+ Ke7 28. Rxd8 Rxd8 29. Qf3 Rf8 30. Rc1 1-0

[Event "Titled Tuesday intern op 08th Nov Late"]
[Site "Chess.com INT"]
[Date "2022.11.08"]
[Round "1"]
[White "Adewumi, Tanitoluwa"]
[Black "Aqib, Javaid Butt"]
[Result "1-0"]
[WhiteElo "2262"]
[BlackElo "1759"]
[PlyCount "73"]
[EventDate "2022.11.08"]
[EventType "swiss (blitz)"]
[EventRounds "11"]
[EventCountry "USA"]
[SourceTitle "EXT 2024"]
[Source "ChessBase"]
[SourceDate "2023.10.10"]
[SourceVersion "1"]
[SourceVersionDate "2023.10.10"]
[SourceQuality "1"]

1. e4 c6 2. d4 d5 3. exd5 cxd5 4. Bd3 Nc6 5. c3 Nf6 6. h3 e6 7. Nf3 Bd6 8. 0-0 h6 9. Re1 Qc7 10. Qe2 Bf4 11. Bxf4 Qxf4 12. Ne5 Nxe5 13. dxe5 Nd7 14. g3 Qa4 15. Na3 0-0 16. Nb5 a6 17. Nd6 Qc6 18. Qg4 Nxe5 19. Nxc8 Nxg4 20. Ne7+ Kh8 21. Nxc6 Nxf2 22. Kxf2 bxc6 23. c4 Rab8 24. b3 Rb4 25. Rac1 a5 26. cxd5 cxd5 27. Rc5 a4 28. Rb5 Rb8 29. Rxb8+ Rxb8 30. bxa4 Ra8 31. Rb1 g6 32. Bb5 Kg7 33. Rb3 Kf6 34. Ra3 Ra5 35. Rc3 Ke5 36. Rc6 f5 37. Ra6 1-0

[Event "Titled Tuesday intern op 08th Nov Late"]
[Site "Chess.com INT"]
[Date "2022.11.08"]
[Round "11"]
[White "Aqib, Javaid Butt"]
[Black "Kaganskiy, Gleb"]
[Result "0-1"]
[WhiteElo "1759"]
[BlackElo "2219"]
[PlyCount "116"]
[EventDate "2022.11.08"]
[EventType "swiss (blitz)"]
[EventRounds "11"]
[EventCountry "USA"]
[SourceTitle "EXT 2024"]
[Source "ChessBase"]
[SourceDate "2023.10.10"]
[SourceVersion "1"]
[SourceVersionDate "2023.10.10"]
[SourceQuality "1"]

1. d4 Nf6 2. c4 e6 3. Nc3 Bb4 4. Nf3 0-0 5. g3 c5 6. Bg2 d6 7. Bd2 Nc6 8. d5 exd5 9. Nxd5 Bxd2+ 10. Qxd2 Nxd5 11. Qxd5 Nb4 12. Qd2 d5 13. cxd5 Qxd5 14. Qxd5 Nxd5 15. Rd1 Nb4 16. a3 Nc2+ 17. Kd2 Nd4 18. Nxd4 cxd4 19. Be4 Be6 20. Rc1 Rac8 21. b4 b6 22. Bd3 g5 23. Ba6 Rcd8 24. Rc7 Rd7 25. Rhc1 Rfd8 26. Bb5 Rxc7 27. Rxc7 a5 28. bxa5 bxa5 29. a4 h5 30. Bc4 Bxc4 31. Rxc4 Kg7 32. Kd3 Rb8 33. Rxd4 Rb2 34. Rd5 f6 35. Rxa5 Rb1 36. Ra8 Rf1 37. Ke3 Rh1 38. a5 Rxh2 39. a6 Rh1 40. Rb8 Ra1 41. Rb7+ Kg6 42. a7 Ra4 43. Kd3 h4 44. gxh4 gxh4 45. Kc3 h3 46. Kb3 Ra1 47. Rb8 Rxa7 48. Rh8 Rh7 49. Rg8+ Kf5 50. Rg1 h2 51. Rh1 Kg4 52. e4 Kh3 53. f4 Re7 54. e5 fxe5 55. fxe5 Rxe5 56. Kc2 Rg5 57. Kd2 Rg1 58. Rxg1 hxg1Q 0-1

[Event "Titled Tuesday intern op 08th Nov Early"]
[Site "Chess.com INT"]
[Date "2022.11.08"]
[Round "9"]
[White "Vidruska, Renate"]
[Black "Aqib, Javaid Butt"]
[Result "1-0"]
[WhiteElo "1995"]
[BlackElo "1759"]
[PlyCount "61"]
[EventDate "2022.11.08"]
[EventType "swiss (blitz)"]
[EventRounds "11"]
[EventCountry "USA"]
[SourceTitle "EXT 2024"]
[Source "ChessBase"]
[SourceDate "2023.10.10"]
[SourceVersion "1"]
[SourceVersionDate "2023.10.10"]
[SourceQuality "1"]

1. e4 c6 2. d4 d5 3. exd5 cxd5 4. Bd3 Nc6 5. h3 Nf6 6. Nf3 g6 7. 0-0 Bg7 8. c3 0-0 9. Bf4 Be6 10. Re1 Re8 11. Ne5 Nxe5 12. Bxe5 Nd7 13. Bxg7 Kxg7 14. Nd2 Nf6 15. Nf3 Rc8 16. Qa4 a6 17. Ne5 Nd7 18. f4 Nxe5 19. fxe5 Qd7 20. Qd1 Bf5 21. Qf3 Bxd3 22. Qxd3 Rc6 23. Rf1 f6 24. Rae1 Re6 25. Qg3 Qb5 26. Qg4 f5 27. Rxf5 Qxb2 28. Ref1 Qxc3 29. Rf7+ Kg8 30. Qxe6 Qxd4+ 31. Kh1 1-0

[Event "Titled Tuesday intern op 18th Oct Late"]
[Site "Chess.com INT"]
[Date "2022.10.18"]
[Round "1"]
[White "Al Hosani, Omran"]
[Black "Aqib, Javaid Butt"]
[Result "1-0"]
[WhiteElo "2262"]
[BlackElo "1759"]
[PlyCount "65"]
[EventDate "2022.10.18"]
[EventType "swiss (blitz)"]
[EventRounds "11"]
[EventCountry "USA"]
[SourceTitle "EXT 2024"]
[Source "ChessBase"]
[SourceDate "2023.10.10"]
[SourceVersion "1"]
[SourceVersionDate "2023.10.10"]
[SourceQuality "1"]

1. e4 c6 2. d4 d5 3. e5 Bf5 4. Bd3 Bxd3 5. Qxd3 e6 6. Nf3 Qa5+ 7. Nbd2 Qa6 8. c4 Nd7 9. 0-0 Ne7 10. b3 Nf5 11. Bb2 Be7 12. Rfc1 Nb6 13. Ne1 0-0 14. c5 Qxd3 15. Nxd3 Nd7 16. g3 h5 17. b4 a6 18. a4 g6 19. Nb3 Bd8 20. Bc3 Bc7 21. Rcb1 Kg7 22. Rb2 h4 23. Na5 hxg3 24. hxg3 Rab8 25. b5 axb5 26. axb5 Bxa5 27. Rxa5 b6 28. Ra6 bxc5 29. bxc6 cxd4 30. Bb4 Rb6 31. Bxf8+ Kxf8 32. cxd7 Rxa6 33. d8Q+ 1-0

[Event "Titled Tuesday intern op 18th Oct Late"]
[Site "Chess.com INT"]
[Date "2022.10.18"]
[Round "2"]
[White "Pham, Khoi"]
[Black "Aqib, Javaid Butt"]
[Result "1-0"]
[WhiteElo "2358"]
[BlackElo "1759"]
[PlyCount "65"]
[EventDate "2022.10.18"]
[EventType "swiss (blitz)"]
[EventRounds "11"]
[EventCountry "USA"]
[SourceTitle "EXT 2024"]
[Source "ChessBase"]
[SourceDate "2023.10.10"]
[SourceVersion "1"]
[SourceVersionDate "2023.10.10"]
[SourceQuality "1"]

1. d4 d5 2. c4 c6 3. Nc3 Nf6 4. cxd5 cxd5 5. Bf4 Nc6 6. e3 e6 7. Bd3 Bd6 8. Bg3 0-0 9. Nge2 a6 10. 0-0 Bxg3 11. Nxg3 b5 12. a4 b4 13. Nce2 a5 14. Rc1 Qd7 15. Bb5 Bb7 16. Nf4 Rfc8 17. Nd3 Qd6 18. Nc5 Nd8 19. Qd3 Bc6 20. Rc2 Bxb5 21. Qxb5 Rcb8 22. Qd3 Nb7 23. Nb3 Nd7 24. Rfc1 Qe7 25. Rc7 Nd6 26. e4 Nc4 27. exd5 exd5 28. Qf5 Rd8 29. Qxd5 Nxb2 30. Nf5 Qg5 31. Re1 Nd3 32. Ne7+ Kh8 33. Qxg5 1-0

[Event "Titled Tuesday intern op 27th Sep Early"]
[Site "Chess.com INT"]
[Date "2022.09.27"]
[Round "4"]
[White "Aqib, Javaid Butt"]
[Black "Huber, Benedikt"]
[Result "0-1"]
[WhiteElo "1759"]
[BlackElo "2299"]
[PlyCount "60"]
[EventDate "2022.09.27"]
[EventType "swiss (blitz)"]
[EventRounds "11"]
[EventCountry "USA"]
[SourceTitle "CBM 210 Extra"]
[Source "ChessBase"]
[SourceDate "2022.11.30"]
[SourceVersion "1"]
[SourceVersionDate "2022.11.30"]
[SourceQuality "1"]

1. d4 e6 2. c4 f5 3. Nf3 Nf6 4. Nc3 Bb4 5. Bd2 b6 6. g3 Bb7 7. Bg2 0-0 8. 0-0 d6 9. a3 Bxc3 10. Bxc3 Ne4 11. Nd2 Nxc3 12. bxc3 Bxg2 13. Kxg2 Nd7 14. f3 e5 15. e4 Qf6 16. Nb3 f4 17. g4 a5 18. a4 Qf7 19. d5 h5 20. h3 Qg6 21. Qe1 Kf7 22. Rh1 Rh8 23. Qh4 hxg4 24. Qxg4 Nf6 25. Qxg6+ Kxg6 26. Nd2 Rh4 27. Rag1 Rah8 28. Nf1 Nd7 29. Kh2+ Kf7 30. Rg2 Rxh3+ 0-1

[Event "Titled Tuesday intern op 27th Sep Early"]
[Site "Chess.com INT"]
[Date "2022.09.27"]
[Round "3"]
[White "Aqib, Javaid Butt"]
[Black "Kvaloy, Aksel Bu"]
[Result "1-0"]
[WhiteElo "1759"]
[BlackElo "2295"]
[PlyCount "103"]
[EventDate "2022.09.27"]
[EventType "swiss (blitz)"]
[EventRounds "11"]
[EventCountry "USA"]
[SourceTitle "CBM 210 Extra"]
[Source "ChessBase"]
[SourceDate "2022.11.30"]
[SourceVersion "1"]
[SourceVersionDate "2022.11.30"]
[SourceQuality "1"]

1. d4 Nf6 2. Nf3 e6 3. c4 d5 4. Nc3 Bb4 5. e3 0-0 6. Bd3 b6 7. 0-0 Bxc3 8. bxc3 Ba6 9. cxd5 exd5 10. Ba3 Re8 11. Qe2 Bxd3 12. Qxd3 Nc6 13. c4 dxc4 14. Qxc4 Na5 15. Qe2 Ne4 16. Bb4 Nb7 17. Rfc1 c5 18. dxc5 Nbxc5 19. Bxc5 Nxc5 20. Rd1 Qf6 21. Rac1 Rad8 22. h3 Ne4 23. Rxd8 Rxd8 24. Qc4 Nd2 25. Nxd2 Rxd2 26. Qc8+ Rd8 27. Qg4 g6 28. Rc8 Rxc8 29. Qxc8+ Kg7 30. Qc4 Qa1+ 31. Kh2 Qb2 32. Kg3 a5 33. a4 Qb4 34. Qc2 h5 35. Kf3 Kf6 36. Qe4 Qxe4+ 37. Kxe4 Ke6 38. Kd4 Kd6 39. Kc4 Kc6 40. e4 h4 41. g3 g5 42. gxh4 gxh4 43. f4 b5+ 44. axb5+ Kb6 45. e5 a4 46. f5 a3 47. Kb3 Kxb5 48. e6 fxe6 49. f6 Kc6 50. f7 a2 51. Kxa2 Kd7 52. f8Q 1-0

[Event "Titled Tuesday intern op 27th Sep Early"]
[Site "Chess.com INT"]
[Date "2022.09.27"]
[Round "9"]
[White "Aqib, Javaid Butt"]
[Black "Rose, Felix"]
[Result "0-1"]
[WhiteElo "1759"]
[BlackElo "2091"]
[PlyCount "64"]
[EventDate "2022.09.27"]
[EventType "swiss (blitz)"]
[EventRounds "11"]
[EventCountry "USA"]
[SourceTitle "CBM 210 Extra"]
[Source "ChessBase"]
[SourceDate "2022.11.30"]
[SourceVersion "1"]
[SourceVersionDate "2022.11.30"]
[SourceQuality "1"]

1. d4 d5 2. c4 e6 3. cxd5 exd5 4. Nc3 c6 5. Bf4 Bd6 6. Bxd6 Qxd6 7. Nf3 Nf6 8. e3 Bf5 9. Bd3 Bxd3 10. Qxd3 Nbd7 11. 0-0 0-0 12. Rad1 Rfe8 13. Rfe1 Ne4 14. Nd2 Ndf6 15. Ndxe4 dxe4 16. Qc4 Ng4 17. g3 Qh6 18. h4 g5 19. Kg2 Qf6 20. Qe2 h5 21. hxg5 Qxg5 22. Rh1 Re6 23. Rh4 Rae8 24. d5 Rf6 25. Rxg4 Qxg4 26. Qxg4+ hxg4 27. d6 Rfe6 28. d7 Rd8 29. Na4 b6 30. Rd4 Re7 31. Rd6 c5 32. Rd5 f6 0-1

[Event "Titled Tuesday intern op 27th Sep Early"]
[Site "Chess.com INT"]
[Date "2022.09.27"]
[Round "5"]
[White "Rama, Tejas"]
[Black "Aqib, Javaid Butt"]
[Result "1-0"]
[WhiteElo "2189"]
[BlackElo "1759"]
[PlyCount "89"]
[EventDate "2022.09.27"]
[EventType "swiss (blitz)"]
[EventRounds "11"]
[EventCountry "USA"]
[SourceTitle "CBM 210 Extra"]
[Source "ChessBase"]
[SourceDate "2022.11.30"]
[SourceVersion "1"]
[SourceVersionDate "2022.11.30"]
[SourceQuality "1"]

1. d4 Nf6 2. c4 b6 3. Nc3 Bb7 4. a3 e6 5. d5 exd5 6. cxd5 Be7 7. Nf3 0-0 8. g3 Re8 9. Bg2 c5 10. 0-0 d6 11. Nd2 Bf8 12. Nc4 Nbd7 13. Re1 a6 14. a4 Ne5 15. Ne3 Qd7 16. Qb3 Rab8 17. f4 Neg4 18. Nc4 b5 19. axb5 axb5 20. Qxb5 Qxb5 21. Nxb5 Bxd5 22. Bxd5 Nxd5 23. Nbxd6 Bxd6 24. Nxd6 Red8 25. Nc4 Nb4 26. Ra5 Nc2 27. Rf1 Rdc8 28. e4 Rb3 29. Kg2 Nce3+ 30. Nxe3 Nxe3+ 31. Bxe3 Rxe3 32. Rc1 Rxe4 33. Rcxc5 Rce8 34. Re5 R4xe5 35. Rxe5 Rxe5 36. fxe5 Kf8 37. Kf3 Ke7 38. Ke4 Ke6 39. g4 h6 40. b4 g6 41. b5 f6 42. b6 f5+ 43. gxf5+ gxf5+ 44. Kf4 Kd7 45. e6+ 1-0

[Event "Titled Tuesday intern op 20th Sep Early"]
[Site "Chess.com INT"]
[Date "2022.09.20"]
[Round "2"]
[White "Aqib, Javaid Butt"]
[Black "Garagulya, Konstantin"]
[Result "0-1"]
[WhiteElo "1759"]
[BlackElo "2389"]
[PlyCount "42"]
[EventDate "2022.09.20"]
[EventType "swiss (blitz)"]
[EventRounds "11"]
[EventCountry "USA"]
[SourceTitle "EXT 2023"]
[Source "ChessBase"]
[SourceDate "2022.10.05"]
[SourceVersion "1"]
[SourceVersionDate "2022.10.05"]
[SourceQuality "1"]

1. d4 Nf6 2. c4 e6 3. Nf3 d5 4. g3 Bb4+ 5. Bd2 a5 6. a3 Bxd2+ 7. Nbxd2 0-0 8. Bg2 a4 9. 0-0 Nc6 10. b4 axb3 11. Qxb3 Na5 12. Qd3 b6 13. cxd5 Ba6 14. Qe3 Nxd5 15. Qe5 Nc6 16. Qh5 Bxe2 17. Rfe1 Bd3 18. Ne5 Nxe5 19. Rxe5 c6 20. Be4 Bxe4 21. Rxe4 Nf6 0-1